<?xml version="1.0" encoding="UTF-8"?>
<record
    xmlns:xsi="http://www.w3.org/2001/XMLSchema-instance"
    xsi:schemaLocation="http://www.loc.gov/MARC21/slim http://www.loc.gov/standards/marcxml/schema/MARC21slim.xsd"
    xmlns="http://www.loc.gov/MARC21/slim">

  <leader>00851nam a22002537a 4500</leader>
  <controlfield tag="003">dpl</controlfield>
  <controlfield tag="005">20180718151448.0</controlfield>
  <controlfield tag="008">180718b        xxu||||| |||| 00| 0 eng d</controlfield>
  <datafield tag="010" ind1=" " ind2=" ">
    <subfield code="a">B-019436</subfield>
  </datafield>
  <datafield tag="020" ind1=" " ind2=" ">
    <subfield code="c">450.00</subfield>
    <subfield code="a">8170002443</subfield>
  </datafield>
  <datafield tag="035" ind1=" " ind2=" ">
    <subfield code="a">B-019436,B-019458</subfield>
  </datafield>
  <datafield tag="037" ind1=" " ind2=" ">
    <subfield code="b">Cen Lib/Ret</subfield>
  </datafield>
  <datafield tag="040" ind1=" " ind2=" ">
    <subfield code="a">DPL</subfield>
    <subfield code="b">EN</subfield>
    <subfield code="c">0</subfield>
  </datafield>
  <datafield tag="082" ind1=" " ind2=" ">
    <subfield code="a">020</subfield>
    <subfield code="b">TRI</subfield>
  </datafield>
  <datafield tag="100" ind1=" " ind2=" ">
    <subfield code="a">Tripathi, S. M</subfield>
    <subfield code="9">1629</subfield>
  </datafield>
  <datafield tag="245" ind1=" " ind2=" ">
    <subfield code="a">Objective questions in library and information science  :</subfield>
    <subfield code="c">by S M Tripathi [and] C. Lal</subfield>
    <subfield code="b">for NET, (UGC), SLET, SET, JRF, and other competitive tests /</subfield>
  </datafield>
  <datafield tag="260" ind1=" " ind2=" ">
    <subfield code="a">New Delhi</subfield>
    <subfield code="b">Ess Ess Publications</subfield>
    <subfield code="c">1998</subfield>
  </datafield>
  <datafield tag="270" ind1=" " ind2=" ">
    <subfield code="a">4837/24, Ansari Road, Darya Ganj  </subfield>
    <subfield code="b">New Delhi</subfield>
    <subfield code="e">110002</subfield>
  </datafield>
  <datafield tag="300" ind1=" " ind2=" ">
    <subfield code="a">ii,231p.</subfield>
    <subfield code="c">21cm(Hb)</subfield>
  </datafield>
  <datafield tag="650" ind1=" " ind2=" ">
    <subfield code="a">Objective tests</subfield>
    <subfield code="9">29679</subfield>
  </datafield>
  <datafield tag="650" ind1=" " ind2=" ">
    <subfield code="a">Examinations</subfield>
    <subfield code="9">39854</subfield>
  </datafield>
  <datafield tag="700" ind1=" " ind2=" ">
    <subfield code="a">Lal, C</subfield>
    <subfield code="9">3074</subfield>
  </datafield>
  <datafield tag="942" ind1=" " ind2=" ">
    <subfield code="2">ddc</subfield>
    <subfield code="c">EN</subfield>
    <subfield code="h">020</subfield>
    <subfield code="m">TRI</subfield>
  </datafield>
  <datafield tag="999" ind1=" " ind2=" ">
    <subfield code="c">134123</subfield>
    <subfield code="d">134123</subfield>
  </datafield>
  <datafield tag="952" ind1=" " ind2=" ">
    <subfield code="0">0</subfield>
    <subfield code="1">0</subfield>
    <subfield code="4">0</subfield>
    <subfield code="7">1</subfield>
    <subfield code="8">REF</subfield>
    <subfield code="a">L</subfield>
    <subfield code="b">L</subfield>
    <subfield code="d">2015-07-29</subfield>
    <subfield code="e">Cen Lib/Ret    </subfield>
    <subfield code="g">450.00</subfield>
    <subfield code="l">0</subfield>
    <subfield code="o">020 TRI</subfield>
    <subfield code="p">B-019436</subfield>
    <subfield code="r">2015-07-29 00:00:00</subfield>
    <subfield code="t">1</subfield>
    <subfield code="v">450.00</subfield>
    <subfield code="w">2015-07-29</subfield>
    <subfield code="y">EN</subfield>
  </datafield>
  <datafield tag="952" ind1=" " ind2=" ">
    <subfield code="0">0</subfield>
    <subfield code="1">0</subfield>
    <subfield code="4">0</subfield>
    <subfield code="7">0</subfield>
    <subfield code="a">L</subfield>
    <subfield code="b">L</subfield>
    <subfield code="d">2016-02-22</subfield>
    <subfield code="e">Cen Lib/Ret</subfield>
    <subfield code="g">450.00</subfield>
    <subfield code="l">0</subfield>
    <subfield code="o">020 TRI</subfield>
    <subfield code="p">B-058686</subfield>
    <subfield code="r">2016-02-22 00:00:00</subfield>
    <subfield code="t">1</subfield>
    <subfield code="v">2.00</subfield>
    <subfield code="w">2016-02-22</subfield>
    <subfield code="y">EN</subfield>
  </datafield>
  <datafield tag="952" ind1=" " ind2=" ">
    <subfield code="0">0</subfield>
    <subfield code="1">0</subfield>
    <subfield code="2">ddc</subfield>
    <subfield code="4">0</subfield>
    <subfield code="7">0</subfield>
    <subfield code="8">NFIC</subfield>
    <subfield code="a">BL4</subfield>
    <subfield code="b">BL4</subfield>
    <subfield code="d">2018-07-18</subfield>
    <subfield code="e">BPPD/PUB</subfield>
    <subfield code="g">450.00</subfield>
    <subfield code="l">1</subfield>
    <subfield code="m">1</subfield>
    <subfield code="o">020 TRI</subfield>
    <subfield code="p">B-019458</subfield>
    <subfield code="r">2019-02-04 00:00:00</subfield>
    <subfield code="s">2018-07-18</subfield>
    <subfield code="v">450.00</subfield>
    <subfield code="w">2018-07-18</subfield>
    <subfield code="y">EN</subfield>
  </datafield>
</record>
